A Nossa terra (Record no. 45683)
[ view plain ]
| 000 -Etiqueta do registo | |
|---|---|
| Valores | 00372nam a2200157 4500 |
| 100 ## - Dados gerais de processamento | |
| Dados gerais | 20260218 pory50 |
| 101 ## - Língua de publicação | |
| Língua | por |
| 102 ## - País de publicação | |
| País | PT |
| 200 ## - Titulo e menção de responsabilidade | |
| Título próprio | A Nossa terra |
| Título paralelo | Público |
| Primeira menção de responsabilidade | Público |
| 210 ## - Publicação | |
| Local de publicação | [Lisboa] |
| Nome do editor | Público - Comunicação Social |
| Data de publicação | [S.d.] |
| 215 ## - Descrição física | |
| Paginação / Volumes | v. |
| 675 ## - CDU | |
| Notação | 908(469)(05) |
| 801 ## - Fonte de origem | |
| País | PT |
| Regras de catalogação | RPC |
| 990 ## - Elementos KOHA | |
| Tipo de documento | Jornais e Revistas |
| Aquisição | Empréstimo | Código de barras | Cota | Permissão de empréstimo | Tipo de documento | Nota relativa ao exemplar |
|---|---|---|---|---|---|---|
| Biblioteca Municipal de Redondo | Biblioteca Municipal de Redondo | 056396 | 908(469)(05) NOS | Consulta presencial | Jornais e Revistas | Minho [suplemento do Jornal Público] |
| Biblioteca Municipal de Redondo | Biblioteca Municipal de Redondo | 056397 | 908(469)(05) NOS | Consulta presencial | Jornais e Revistas | Trás-os -Montes e Alto Douro [suplemento do Jornal Público] |
| Biblioteca Municipal de Redondo | Biblioteca Municipal de Redondo | 056398 | 908(469)(05) NOS | Consulta presencial | Jornais e Revistas | Coimbra [suplemento do Jornal Público] |